Vývoj přirozeného a migračního přírůstku v obcích Moravskoslezského kraje v letech 1992 až 2001

Základné priestorové charakteristiky kraja. Metóda klasifikácie obcí. Hodnotenie celkového populačného prírastku Moravsko-sliezskeho kraja. Populačný vývoj v jednotlivých okresoch Moravsko-sliezskeho kraja. Populačný vývoj podľa jednotlivých obcí Moravsko-sliezskeho kraja. Typológia obcí kraja podľa...

Descrizione completa

Salvato in:
Dettagli Bibliografici
Autore principale: Šotkovský, Ivan
Altri autori: Tvrdý, Lubor
Natura: Capitolo di libro
Lingua:ceco
Soggetti:
Tags: Aggiungi Tag
Nessun Tag, puoi essere il primo ad aggiungerne!!

MARC

LEADER 00000naa$a2200000$$$4500
001 0008553
005 20220715114615.4
041 0 |a cze 
044 |a CZ 
245 1 0 |a Vývoj přirozeného a migračního přírůstku v obcích Moravskoslezského kraje v letech 1992 až 2001  |c aut. Ivan Šotkovský, Lubor Tvrdý 
520 |a Základné priestorové charakteristiky kraja. Metóda klasifikácie obcí. Hodnotenie celkového populačného prírastku Moravsko-sliezskeho kraja. Populačný vývoj v jednotlivých okresoch Moravsko-sliezskeho kraja. Populačný vývoj podľa jednotlivých obcí Moravsko-sliezskeho kraja. Typológia obcí kraja podľa populačného správania obyvateľstva. Vzťah medzi klasifikáciou a veľkosťou obce. Kartogram Moravsko-sliezskeho kraja s klasifikáciou obcí. 
610 2 0 |a demografia 
610 2 0 |a vývoj populačný 
610 2 0 |a prírastok obyvateľstva 
610 2 0 |a migrácia 
610 2 0 |a kraje 
610 2 0 |a Česko 
610 2 0 |a bilancia populačná 
610 2 0 |a obce 
610 2 0 |a ekonomika priestorová 
610 2 0 |a 1992-2001 
100 1 |a Šotkovský, Ivan 
700 1 |a Tvrdý, Lubor